000 01140nam a2200301Ia 4500
999 _c4376
_d4376
003 OSt
005 20200311150436.0
008 191128s2017 ck gr 000 0 spa d
020 _a9789585624610
040 _aCO-JMCR
_cCO-JMCR
041 0 _aspa
082 0 4 _a070.442 /
_2C965r
100 1 _aCuenú Mosquera, Yaír Mosquera,
_e autor
_91426
245 1 0 _aRenacimientos /
_cYaír André Cuenú Mosquera ; coordinador Juan Álvarez, Juan Cárdenas, Elizabeth Valenzuela
260 _aBogotá :
_bMinisterio de Ambiente y Desarrollo Sostenible,
_c2017
300 _a18 páginas ;
_c21 cm
490 0 _aMaletín de relatos pacíficos
546 _aspa
650 1 4 _aLiteratura colombiana
_91427
650 2 4 _aPoesía colombiana
_ySiglo XXI
_91428
650 2 4 _aCuentos colombianos
_ySiglo XXI
_91429
650 2 4 _aNovela colombiana
_ySiglo XXI
_91430
700 1 _aÁlvarez, Juan,
_ecoordinador
_91264
700 1 _aCárdenas, Juan,.
_ecoordinador
_91268
700 1 _aValenzuela, Elizabeth,
_ecoordinador
_91269
799 _aÁlvarez, Juan, coordinador Cárdenas, Juan, coordinador Valenzuela, Elizabeth, coordinador
942 _2ddc
_cBK